| 000 | 00624nam a2200181 i 4500 | ||
|---|---|---|---|
| 001 | 137550 | ||
| 003 | ES-MaACL | ||
| 005 | 20241212161053.0 | ||
| 007 | t| | ||
| 008 | 070214s1964 sp r ||||1| spa d | ||
| 100 | 1 |
_aSánchez-Castañer, Francisco. _9102538 |
|
| 245 | 1 | 0 |
_aDon Juan de Palafox _b: virrey de Nueva España / _cFrancisco Sánchez-Castañer. |
| 260 |
_aZaragoza : _b[s.n.], _c1964 ( _fTall. Pignatelli) |
||
| 300 |
_a244 p., 1 lám. : _b`ret. biog` ; _c24 cm. |
||
| 600 | 1 | 4 |
_aPalafox y Mendoza, Juan de, _d1600-1659 _9239354 |
| 852 |
_aES-MaACL _jC-25594 _bR.54384 |
||
| 999 |
_c137550 _d137550 |
||